Obálka
Pro půjčování e-knih musíte být přihlášeni.
Jak si půjčit online?

Robinson Crusoe /

Světoznámý dobrodružný román o osudech trosečníka Robinsona vystaveného životní zkoušce v těžkých podmínkách na opuštěném ostrově.

Uloženo v:
Hlavní autor: Novotný, František, 1944 březen 15.- (Autor)
Další autoři: Defoe, Daniel, asi 1661-1731. (Autor), Horák, Zbyšek, 1966-
Médium: E-audiokniha
Jazyk:Czech
Vydáno: Praha : Albatros, [2018]
Témata:
Tagy:
Žádné tagy
LEADER 03137nim a2200733 i 4500
001 313629
003 CZ PrSKC
005 20260604062722.0
007 sd fungnnmmned
008 190607t20182018xr nnnnj f n cze
015 |a cnb003101707 
024 3 |a 8594050425040 
040 |a ABA001  |b cze  |e rda 
072 7 |a 821.111-3  |x Anglická próza, anglicky psaná  |2 Konspekt 
072 7 |a 821-93  |x Literatura pro děti a mládež (beletrie)  |2 Konspekt 
080 |a 821.111-31  |2 MRF 
080 |a (0:82-311.3)  |2 MRF 
080 |a (0.046.6)  |2 MRF 
080 |a (086.7.053.2)  |2 MRF 
080 |a (086.7)08  |2 MRF 
080 |a (086.76)  |2 MRF 
100 1 |a Novotný, František,  |d 1944 březen 15.-  |7 jo2002106771  |4 aut 
245 1 0 |a Robinson Crusoe /  |c Daniel Defoe, František Novotný 
264 1 |a Praha :  |b Albatros,  |c [2018] 
264 4 |c ©2018 
300 |a 1 audiodisk (9 hod., 53 min.) ;  |c 12 cm 
306 |a 095300 
336 |a mluvené slovo  |b spw  |2 rdacontent 
337 |a audio  |b s  |2 rdamedia 
338 |a audiodisk  |b sd  |2 rdacarrier 
344 |a digital  |b optical  |2 rda 
347 |a audio soubor  |b MP3  |2 rda 
500 |a Název z disku 
500 |a V textu na pouzdře uveden František Novotný jako autor převyprávění 
500 |a Přeloženo z angličtiny 
500 |a Copyright Albatros Media 
500 |a Nezkrácená audiokniha ve formátu mp3 CD 
511 0 |a Čte Zbyšek Horák 
518 |o Nahráno  |d duben 2018  |p studio Harryton 
520 2 |a Světoznámý dobrodružný román o osudech trosečníka Robinsona vystaveného životní zkoušce v těžkých podmínkách na opuštěném ostrově. 
521 8 |a Pro posluchače od 7 let 
655 7 |a anglické romány  |7 fd131814  |2 czenas 
655 7 |a dobrodružné romány  |7 fd132061  |2 czenas 
655 7 |a literární adaptace  |7 fd119387  |2 czenas 
655 7 |a zvukové záznamy pro děti a mládež  |7 fd186726  |2 czenas 
655 7 |a audioknihy  |7 fd119452  |2 czenas 
655 7 |a kompaktní disky  |7 fd201991  |2 czenas 
700 1 |i Literární adaptace díla:  |a Defoe, Daniel,  |d asi 1661-1731.  |t Robinson Crusoe  |7 aun2007419931 
700 1 |a Horák, Zbyšek,  |d 1966-  |7 xx0003733  |4 nrt 
900 |a ABA001  |b 19 
044 |a xr 
505 0 0 |t 1. My First Adventures at Sea (7 min., 32 sek.) 
505 0 0 |t 2. I Escaped from the Pirates (7 min., 10 sek.) 
505 0 0 |t 3. I Lived like a Brazilian F (4 min., 5 sek.) 
505 0 0 |t 4. My Unluckiest Voyage (4 min., 57 sek.) 
505 0 0 |t 5. My Life on the Island (12 min., 49 sek.) 
505 0 0 |t 6. I Was Never Lazy (9 min., 47 sek.) 
505 0 0 |t 7. I Found a Footprint (7 min., 34 sek.) 
505 0 0 |t 8. I Saw a Ship (7 min., 3 sek.) 
505 0 0 |t 9. I Called Him Friday (7 min., 19 sek.) 
505 0 0 |t 10. I Returned to England (9 min., 46 sek.) 
910 |a RBIT002 
998 |d 427204  |a https://core.palmknihy.cz/api/books/427204/cover?tf7cny  |b https://core.palmknihy.cz/api/books/427204/cover/400?tf7cny  |c https://core.palmknihy.cz/api/books/427204/cover/50?tf7cny  |e 2050-12-31  |i 8594050425040  |l 6660  |q 49  |r 1  |s https://www.palmknihy.cz/kniha/427204  |t audiobook  |y 2014  |z 0 
999 |d 313627